Three-Letter First Name Chain - Statistics

General Stats
  • This quiz has been taken 23 times
  • The average score is 12 of 16
Answer Stats
Hint Answer % Correct
Short form of Elijah or Elias Eli
100%
Christmas or New Year's ___ Eve
96%
Could be a nickname for Olivia Liv
96%
Actor ___ Diesel Vin
96%
"Honest ___" Abe
91%
The first American Pope Leo
91%
Actor ___ Brynner Yul
91%
Guns N' Roses singer ___ Rose Axl
83%
Name of a clinging vine Ivy
83%
Tree whose nut is the acorn Oak
83%
Scottish equivalent to John Ian
61%
Anagram of the above answer Nia
61%
Hawaiian name meaning "sea" Kai
57%
Hebrew name meaning "motion" Noa
52%
"Lion" in Hebrew or "eagle" in Old Norse Ari
30%
Female name meaning "hardworking" Ida
30%
No matching quizzes found
Score Distribution
Percent of People with Each Score
Percentile by Number Answered
Your Score History
You have not taken this quiz